Normal view MARC view
  • The six weeks’ war; France, May 10-June 25, 1940

Entry Topical Term

Number of records used in: 1

001 - CONTROL NUMBER

  • control field: 109914

003 - CONTROL NUMBER IDENTIFIER

  • control field: NUST

005 - DATE AND TIME OF LATEST TRANSACTION

  • control field: 20230307094206.0

008 - FIXED-LENGTH DATA ELEMENTS

  • fixed length control field: 230307|| aca||aabn | a|a d

040 ## - CATALOGING SOURCE

  • Original cataloging agency: NUST
  • Transcribing agency: NUST

150 ## - HEADING--TOPICAL TERM

  • Topical term or geographic name entry element: The six weeks’ war; France, May 10-June 25, 1940

670 ## - SOURCE DATA FOUND

  • Source citation: Work cat.: (NUST)185265: Draper, Theodore, 49003, The six week's war :, 1944
© 2023 Central Library, National University of Sciences and Technology. All Rights Reserved.